Отношения по расселению

Dades bibliogràfiques
Autor principal: Аитов Н. А. Нариман Абдрахманович
Sumari:Исключено из фонда НТБ ТПУ
Idioma:rus
Publicat: Свердловск, Изд-во Уральского ун-та, 1987
Format: MixedMaterials Llibre
KOHA link:https://koha.lib.tpu.ru/cgi-bin/koha/opac-detail.pl?biblionumber=257362

MARC

LEADER 00000nam0a2200000 4500
001 257362
005 20231031215844.0
020 |a RU  |b 88-3311 
035 |a (RuTPU)RU\TPU\book\280158 
090 |a 257362 
100 |a 20140416d1987 k y0rusy5003 ca 
101 0 |a rus 
102 |a RU 
105 |a y z 001zy 
200 1 |a Отношения по расселению  |f Н. А. Аитов 
210 |a Свердловск  |c Изд-во Уральского ун-та  |d 1987 
215 |a 163 с. 
333 |a Исключено из фонда НТБ ТПУ 
700 1 |a Аитов  |b Н. А.  |g Нариман Абдрахманович 
801 0 |a RU  |b RuMRKP  |c 19950417  |g psbo 
801 1 |a RU  |b 63413507  |c 20140416 
801 2 |a RU  |b 63413507  |c 20220309  |g RCR 
942 |c BK